| 000 | 00485nam a2200193 a 4500 | ||
|---|---|---|---|
| 001 | 1757591809635 | ||
| 003 | YourLibrary | ||
| 005 | 20250911172809.0 | ||
| 008 | 250911s2007##################000#0#eng## | ||
| 020 | _a9780202309286 | ||
| 082 | 0 | 4 |
_a551.41 _bWAL |
| 100 | 1 |
_aWalton, Kenneth, _eauthor. |
|
| 245 | 1 | 0 | _aThe Arid Zones : |
| 260 |
_bAldine De Gruyter, _c2007. |
||
| 300 | _a175 pages | ||
| 650 | 0 | _aHistory. | |
| 942 | _cENGLISH | ||
| 040 |
_aYourLibrary _beng _cYourLibrary |
||
| 999 |
_c586576 _d586576 |
||